Justin Bieber - Chansons de l'album Journals - Statistiques

Statistiques générales
  • Ce quiz a été pris 18 fois
  • Le résultat moyen est 11 sur 16
Statistiques - réponses
Hint Réponse % Correct
Journals 2 All That Matters
83%
Journals2 10 Confident featuring Chance The Rapper
83%
Journals 7 PYD featuring R Kelly
83%
Journals2 16 Flatline
75%
Journals 1 Heartbreaker
75%
Journals2 14 Swap It Out
75%
Journals2 12 Backpack featuring Lil Wayne
67%
Journals 5 Bad Day
67%
Journals 6 All Bad
58%
Journals2 9 Change Me
58%
Journals 3 Hold Tight
58%
Journals2 15 Memphis featuring Big Sean
58%
Journals 8 Roller Coaster
58%
Journals2 11 One Life
50%
Journals 4 Recovery
50%
Journals2 13 What's Hatnin featuring Future
50%
Aucun quiz correspondant
Distribution des résultats
% des personnes avec chaque résultat
Percentile par nombre de réponses
Votre historique - résultats
Vous n’avez pas pris ce quiz